[Event "1st Silk Road Blitz 2016"]
[Site "Hancheng CHN"]
[Date "2016.07.21"]
[Round "1.1"]
[White "Ushenina, Anna"]
[Black "Gunina, Valentina"]
[Result "1/2-1/2"]
[WhiteTitle "GM"]
[BlackTitle "GM"]
[WhiteElo "2458"]
[BlackElo "2520"]
[WhiteFideId "14110911"]
[BlackFideId "4167570"]
[EventDate "2016.07.21"]

1. d4 Nf6 2. c4 e6 3. Nc3 Bb4 4. Qc2 O-O 5. Nf3 d5 6. a3 Bxc3+ 7. Qxc3 dxc4 8.
Qxc4 b6 9. Bg5 Ba6 10. Qa4 h6 11. Bh4 Bb7 12. e3 Qd7 13. Qc2 Be4 14. Bd3 Bxd3
15. Qxd3 c5 16. Bxf6 gxf6 17. Rd1 cxd4 18. Nxd4 Nc6 19. Qb5 Rac8 20. O-O e5 21.
Ne2 Qe6 22. Ng3 Rfd8 23. Rxd8+ Rxd8 24. Rc1 Ne7 25. h3 f5 26. Qe2 f4 27. exf4
exf4 28. Ne4 Ng6 29. Qc4 Qf5 30. f3 Qe5 31. Qc7 Rd1+ 32. Kh2 Qxc7 33. Rxc7 Rb1
34. b4 a5 35. bxa5 bxa5 36. Ra7 Rb2 37. Rxa5 Nh4 38. Kh1 Rb1+ 39. Kh2 Rb2 40.
Kh1 Rb1+ 41. Kh2 Rb2 42. Kh1 Rb1+ 43. Kh2 1/2-1/2

[Event "1st Silk Road Blitz 2016"]
[Site "Hancheng CHN"]
[Date "2016.07.21"]
[Round "1.2"]
[White "Koneru, Humpy"]
[Black "Stefanova, Antoaneta"]
[Result "1-0"]
[WhiteTitle "GM"]
[BlackTitle "GM"]
[WhiteElo "2575"]
[BlackElo "2512"]
[WhiteFideId "5008123"]
[BlackFideId "2902257"]
[EventDate "2016.07.21"]

1. d4 d5 2. c4 c6 3. Nc3 Nf6 4. e3 e6 5. Nf3 a6 6. b3 Bb4 7. Bd2 O-O 8. Bd3 Nbd7
9. O-O Qe7 10. Re1 dxc4 11. bxc4 e5 12. Ne4 Nxe4 13. Bxe4 f5 14. Bc2 e4 15. Bxb4
Qxb4 16. Nd2 Qe7 17. a4 b6 18. Rb1 Kh8 19. f3 exf3 20. Nxf3 Qe6 21. Qd3 b5 22.
axb5 axb5 23. cxb5 cxb5 24. e4 f4 25. e5 g6 26. d5 Qb6+ 27. Qd4 Qxd4+ 28. Nxd4
Bb7 29. e6 Nf6 30. d6 Bd5 31. e7 Rfe8 32. Nxb5 Rac8 33. Nc7 1-0

[Event "1st Silk Road Blitz 2016"]
[Site "Hancheng CHN"]
[Date "2016.07.21"]
[Round "1.3"]
[White "Hou, Yifan"]
[Black "Muzychuk, Mariya"]
[Result "1-0"]
[WhiteTitle "GM"]
[BlackTitle "GM"]
[WhiteElo "2653"]
[BlackElo "2545"]
[WhiteFideId "8602980"]
[BlackFideId "14114550"]
[EventDate "2016.07.21"]

1. b3 f5 2. Bb2 Nf6 3. c4 d6 4. d4 g6 5. g3 Bg7 6. Bg2 e6 7. Nf3 O-O 8. O-O Qe7
9. Nc3 c6 10. a4 Rd8 11. Qc2 a5 12. e4 fxe4 13. Nxe4 Na6 14. Rae1 Nb4 15. Qd1
Bd7 16. Nfg5 Nxe4 17. Nxe4 Re8 18. h4 c5 19. Re2 Rad8 20. dxc5 dxc5 21. Bxg7
Qxg7 22. Nd6 Rf8 23. Nxb7 Rc8 24. Qd6 Bc6 25. Nxc5 Bxg2 26. Kxg2 Rc6 27. Qe5 Qf7
28. f3 Qe7 29. Ne4 Rf5 30. Qc3 Nd5 31. Qd4 Nb4 32. Rd2 Rf8 33. Qd7 Qxd7 34. Rxd7
Nc2 35. Rf2 Ne3+ 36. Kh3 Rb6 37. Nc5 Rc6 38. Ne4 Rb6 39. Rd3 Nf5 40. g4 Ne7 41.
g5 Nc6 42. Nf6+ Kf7 43. Rd7+ Ne7 44. Rd3 Rc8 45. Rfd2 Rc7 46. Ne4 Nf5 47. Rd7+
Rxd7 48. Rxd7+ Kf8 49. Rd3 Ke7 50. Nf6 h6 51. Rd7+ Kf8 52. gxh6 Nxh6 53. Rd3 Rb7
54. Nd7+ Ke7 55. Ne5 Kf6 56. Ng4+ Nxg4 57. Kxg4 e5 58. Rd6+ Ke7 59. Rd5 Ke6 60.
Rb5 Rd7 61. Rxa5 Rd4+ 62. Kg3 Rd3 63. Rb5 e4 64. Kf2 Rxf3+ 65. Ke2 Rh3 66. a5
Rxh4 67. Ke3 Kd6 68. a6 Kc6 69. a7 1-0

[Event "1st Silk Road Blitz 2016"]
[Site "Hancheng CHN"]
[Date "2016.07.21"]
[Round "2.1"]
[White "Gunina, Valentina"]
[Black "Muzychuk, Mariya"]
[Result "0-1"]
[WhiteTitle "GM"]
[BlackTitle "GM"]
[WhiteElo "2520"]
[BlackElo "2545"]
[WhiteFideId "4167570"]
[BlackFideId "14114550"]
[EventDate "2016.07.21"]

1. d4 d6 2. c4 e5 3. Nc3 exd4 4. Qxd4 Nc6 5. Qd2 Nf6 6. b3 Be7 7. Bb2 O-O 8. e4
Re8 9. f3 Be6 10. Nge2 a6 11. Nf4 Bd7 12. Be2 Ne5 13. O-O Rb8 14. Ncd5 b5 15. c5
Nxd5 16. Nxd5 Bf8 17. cxd6 Bxd6 18. f4 Bc5+ 19. Kh1 Ng4 20. Bxg4 Bxg4 21. Qc3
Bf8 22. Qg3 Rxe4 23. Nf6+ gxf6 24. Qxg4+ Bg7 25. Rad1 Qe7 26. Rd7 Qe6 27. Qxe6
fxe6 28. Rxc7 Re2 29. Bd4 Rd8 30. Bc5 Rdd2 31. Rg1 Bh6 32. f5 exf5 33. Rc6 Kf7
34. a3 f4 35. Rc7+ Kg6 36. Ra7 Kf5 37. Rxa6 f3 38. Rf1 Bf4 39. Rxf3 Re1+ 40. Bg1
Rdd1 41. g4+ Kxg4 42. Rxf4+ Kxf4 43. Rxf6+ Ke5 0-1

[Event "1st Silk Road Blitz 2016"]
[Site "Hancheng CHN"]
[Date "2016.07.21"]
[Round "2.2"]
[White "Stefanova, Antoaneta"]
[Black "Hou, Yifan"]
[Result "0-1"]
[WhiteTitle "GM"]
[BlackTitle "GM"]
[WhiteElo "2512"]
[BlackElo "2653"]
[WhiteFideId "2902257"]
[BlackFideId "8602980"]
[EventDate "2016.07.21"]

1. d4 e6 2. Nf3 Nf6 3. e3 c5 4. Bd3 Be7 5. b3 Nc6 6. Bb2 d5 7. a3 O-O 8. Nbd2 b6
9. O-O Bb7 10. Qe2 a6 11. c4 cxd4 12. exd4 Re8 13. Rfd1 Bf8 14. Rac1 g6 15. Nf1
Nh5 16. g3 Bg7 17. Ne3 Nf6 18. Ne5 dxc4 19. bxc4 Nxd4 20. Bxd4 Qxd4 21. Nxf7 Qc5
22. Bxg6 hxg6 23. Nd6 Qc6 24. Nxb7 Qxb7 25. Qd3 Qe4 26. Qxe4 Nxe4 27. Rd7 Rad8
28. Rcd1 Rxd7 29. Rxd7 Nc5 30. Rd6 Rb8 31. h4 Bf8 32. Rd1 Ne4 33. Ng4 Rb7 34.
Kg2 Bxa3 35. Rd8+ Kg7 36. Re8 Nf6 37. Nxf6 Kxf6 38. g4 Be7 39. g5+ Kg7 40. Ra8
a5 41. Kf3 Rc7 42. Rb8 Bc5 0-1

[Event "1st Silk Road Blitz 2016"]
[Site "Hancheng CHN"]
[Date "2016.07.21"]
[Round "2.3"]
[White "Ushenina, Anna"]
[Black "Koneru, Humpy"]
[Result "1-0"]
[WhiteTitle "GM"]
[BlackTitle "GM"]
[WhiteElo "2458"]
[BlackElo "2575"]
[WhiteFideId "14110911"]
[BlackFideId "5008123"]
[EventDate "2016.07.21"]

1. d4 d5 2. c4 e6 3. Nc3 Nf6 4. Bg5 Be7 5. e3 h6 6. Bh4 O-O 7. Qc2 b6 8. cxd5
Nxd5 9. Bg3 Bb7 10. Rd1 Nd7 11. Nf3 c5 12. dxc5 Bxc5 13. Bb5 N7f6 14. O-O Qe7
15. Na4 Bxe3 16. fxe3 Nxe3 17. Qe2 Nxd1 18. Rxd1 Rfd8 19. Nc3 a6 20. Bd3 b5 21.
a3 Nh5 22. Bf2 Nf4 23. Qe3 Nxd3 24. Rxd3 Rxd3 25. Qxd3 Rd8 26. Qe2 Qd6 27. h3
Qd3 28. Kf1 Bxf3 29. gxf3 Qf5 30. Kg2 Qg6+ 31. Kh2 Qd3 32. Qxd3 Rxd3 33. Kg3 Rd2
34. b4 Rd3 35. Ne4 Rxa3 36. Bb6 f5 37. Nc5 Kf7 38. Ba5 e5 39. Kg2 g5 40. Nxa6
Ra2+ 41. Kf1 f4 42. Nc7 Ra3 43. Kf2 Ra2+ 44. Kf1 Ra3 45. Kf2 Ra2+ 46. Kf1 e4 47.
fxe4 Kf6 48. Nxb5 h5 49. Nc3 Ra3 50. Nd1 Rxh3 51. b5 Rb3 52. b6 f3 53. Nc3 g4
54. Bb4 Ke5 55. Nd5 Kxe4 56. b7 Rb1+ 57. Kf2 Rb2+ 58. Kf1 Rb1+ 59. Kf2 Rb2+ 60.
Kg3 f2 61. b8=Q f1=Q 62. Nc3+ Ke3 63. Qe5+ Kd2 64. Ne4+ Kc2 65. Qc3+ Kd1 66.
Qxb2 Qf3+ 67. Kh4 Qxe4 68. Qd2# 1-0

[Event "1st Silk Road Blitz 2016"]
[Site "Hancheng CHN"]
[Date "2016.07.21"]
[Round "3.1"]
[White "Koneru, Humpy"]
[Black "Gunina, Valentina"]
[Result "1-0"]
[WhiteTitle "GM"]
[BlackTitle "GM"]
[WhiteElo "2575"]
[BlackElo "2520"]
[WhiteFideId "5008123"]
[BlackFideId "4167570"]
[EventDate "2016.07.21"]

1. d4 Nf6 2. Nf3 e6 3. e3 b6 4. Bd3 Bb7 5. O-O c5 6. b3 Be7 7. Bb2 O-O 8. Nbd2
d5 9. Qe2 Nbd7 10. c4 Re8 11. Rfd1 Bd6 12. Rac1 Rc8 13. h3 Qe7 14. cxd5 Nxd5 15.
Nc4 Bb8 16. Nce5 Nxe5 17. Nxe5 f6 18. Nf3 Nb4 19. Bb5 Red8 20. a3 Nd5 21. dxc5
bxc5 22. Ba6 Nb6 23. Bxb7 Qxb7 24. Rxd8+ Rxd8 25. Rxc5 Na4 26. Rc2 Qxb3 27. Nd4
Qd5 28. g3 e5 29. Nc6 Qd1+ 30. Qxd1 Rxd1+ 31. Kg2 Bd6 32. Nxa7 e4 33. Nb5 Be7
34. Bd4 Rb1 35. Nc3 Nxc3 36. Rxc3 Rb7 37. a4 Rb4 38. Rc8+ Kf7 39. Rc7 Kf8 40.
Rxe7 1-0

[Event "1st Silk Road Blitz 2016"]
[Site "Hancheng CHN"]
[Date "2016.07.21"]
[Round "3.2"]
[White "Hou, Yifan"]
[Black "Ushenina, Anna"]
[Result "0-1"]
[WhiteTitle "GM"]
[BlackTitle "GM"]
[WhiteElo "2653"]
[BlackElo "2458"]
[WhiteFideId "8602980"]
[BlackFideId "14110911"]
[EventDate "2016.07.21"]

1. b3 e5 2. Bb2 Nc6 3. e3 Bd6 4. c4 Nf6 5. Nc3 O-O 6. d3 Re8 7. g3 Bf8 8. Bg2 d6
9. Nge2 Bg4 10. h3 Be6 11. Nd5 g6 12. O-O Bg7 13. Kh2 Qd7 14. Nec3 Nd8 15. Nxf6+
Bxf6 16. f4 Bg7 17. Qd2 f5 18. Rae1 c6 19. e4 Nf7 20. Nd1 Rad8 21. Ne3 fxe4 22.
dxe4 exf4 0-1

[Event "1st Silk Road Blitz 2016"]
[Site "Hancheng CHN"]
[Date "2016.07.21"]
[Round "3.3"]
[White "Muzychuk, Mariya"]
[Black "Stefanova, Antoaneta"]
[Result "1/2-1/2"]
[WhiteTitle "GM"]
[BlackTitle "GM"]
[WhiteElo "2545"]
[BlackElo "2512"]
[WhiteFideId "14114550"]
[BlackFideId "2902257"]
[EventDate "2016.07.21"]

1. e4 g6 2. d4 Bg7 3. Nf3 d6 4. Bd3 Nf6 5. O-O O-O 6. c3 Nc6 7. Re1 e5 8. Na3 a6
9. h3 h6 10. Nc2 Re8 11. a4 b6 12. b4 Nh7 13. Bb2 Ng5 14. b5 Na5 15. Nb4 axb5
16. axb5 Nxf3+ 17. Qxf3 exd4 18. cxd4 Be6 19. Qe2 Bd7 20. d5 Bxb2 21. Qxb2 Qg5
22. Kh2 Nb7 23. Na6 Rac8 24. Rac1 Nc5 25. Nxc5 bxc5 26. g3 Rb8 27. Qe2 Qe5 28.
f4 Qd4 29. Rcd1 Qg7 30. e5 Re7 31. Bc4 Rbe8 32. e6 Bc8 33. Qf3 Bb7 34. f5 gxf5
35. Qxf5 fxe6 36. dxe6 Qg5 37. Qxg5+ hxg5 38. b6 cxb6 39. Rxd6 Kg7 40. Rxb6 Bc8
41. Rc6 Kf6 42. Rxc5 Bxe6 43. Rc6 Kf7 44. Rexe6 Rxe6 45. Kg2 Kf6 46. Bxe6 Rxe6
47. Rxe6+ Kxe6 48. Kf2 Kf6 49. Ke2 Ke6 50. Ke3 Ke5 51. Kf3 Kf5 52. g4+ Ke5 53.
Kg3 Kf6 54. Kf2 Ke5 55. Ke3 Kd5 56. Kf3 Ke5 57. Kg3 Kf6 58. h4 gxh4+ 59. Kxh4
Kg6 60. g5 1/2-1/2

[Event "1st Silk Road Blitz 2016"]
[Site "Hancheng CHN"]
[Date "2016.07.21"]
[Round "4.1"]
[White "Gunina, Valentina"]
[Black "Stefanova, Antoaneta"]
[Result "1-0"]
[WhiteTitle "GM"]
[BlackTitle "GM"]
[WhiteElo "2520"]
[BlackElo "2512"]
[WhiteFideId "4167570"]
[BlackFideId "2902257"]
[EventDate "2016.07.21"]

1. d4 d5 2. c4 c6 3. Nf3 Nf6 4. e3 Bf5 5. Nc3 e6 6. Nh4 Be4 7. f3 Bg6 8. Qb3 Qb6
9. Nxg6 hxg6 10. Bd2 Be7 11. Be2 Qc7 12. g3 dxc4 13. Bxc4 Nbd7 14. O-O-O b5 15.
Be2 a5 16. Qc2 Qb7 17. e4 O-O 18. h4 a4 19. e5 Nd5 20. h5 g5 21. Ne4 c5 22. Bxg5
cxd4 23. Kb1 Rfc8 24. Qd2 a3 25. h6 g6 26. h7+ Kh8 27. Bxe7 Nxe7 28. Nd6 Qd5 29.
Nxf7+ Kg7 30. h8=Q+ Rxh8 31. Nxh8 Rxh8 32. Rxh8 Kxh8 33. Qb4 Nc6 34. Qxb5 axb2
35. Qxd5 exd5 36. f4 Nc5 37. Bb5 Ne7 38. Rxd4 Kg7 39. Kxb2 Kf7 40. a4 Ke6 41. a5
Nf5 42. Rd1 Ne3 43. Rc1 1-0

[Event "1st Silk Road Blitz 2016"]
[Site "Hancheng CHN"]
[Date "2016.07.21"]
[Round "4.2"]
[White "Ushenina, Anna"]
[Black "Muzychuk, Mariya"]
[Result "1/2-1/2"]
[WhiteTitle "GM"]
[BlackTitle "GM"]
[WhiteElo "2458"]
[BlackElo "2545"]
[WhiteFideId "14110911"]
[BlackFideId "14114550"]
[EventDate "2016.07.21"]

1. d4 Nf6 2. c4 g6 3. g3 Bg7 4. Bg2 d5 5. cxd5 Nxd5 6. e4 Nb6 7. Ne2 c5 8. d5
O-O 9. O-O e6 10. Nec3 exd5 11. exd5 Na6 12. a4 Bf5 13. g4 Bxb1 14. Rxb1 Nb4 15.
d6 Nc4 16. Ne4 Rc8 17. b3 Ne5 18. Bg5 f6 19. Be3 Ned3 20. Qd2 b6 21. Rfd1 f5 22.
gxf5 gxf5 23. Ng5 Qxd6 24. Qe2 h6 25. Bd2 Rce8 26. Qf3 hxg5 27. Bxb4 cxb4 28.
Rxd3 Qf6 29. Qd5+ Qf7 30. Qc6 Qf6 31. Bd5+ Kh7 32. Rh3+ Kg6 33. Qc4 Rh8 34. Rg3
Rh4 35. Qd3 Rd4 36. Qf3 Rd8 37. Bc4 Qd6 38. Re1 Rd1 39. Qe2 Rxe1+ 40. Qxe1 Qd1
41. Kf1 Bc3 42. Qxd1 Rxd1+ 43. Kg2 Rd2 44. Rd3 Rxd3 45. Bxd3 g4 46. h3 Kg5 47.
hxg4 fxg4 48. f3 Kf4 49. fxg4 Kxg4 50. Kf2 Kf4 51. Ke2 Ke5 52. Bc2 Kd4 53. Bf5
Bb2 54. Kd2 Bc3+ 55. Kc2 Be1 56. Bg6 Bf2 1/2-1/2

[Event "1st Silk Road Blitz 2016"]
[Site "Hancheng CHN"]
[Date "2016.07.21"]
[Round "4.3"]
[White "Koneru, Humpy"]
[Black "Hou, Yifan"]
[Result "0-1"]
[WhiteTitle "GM"]
[BlackTitle "GM"]
[WhiteElo "2575"]
[BlackElo "2653"]
[WhiteFideId "5008123"]
[BlackFideId "8602980"]
[EventDate "2016.07.21"]

1. d4 e6 2. c4 b6 3. Nf3 Bb7 4. g3 f5 5. Bg2 Nf6 6. O-O Be7 7. Nc3 O-O 8. b3 Bb4
9. Bb2 Bxc3 10. Bxc3 Qe7 11. Qc2 Be4 12. Qb2 d6 13. Nd2 Bxg2 14. Kxg2 Nbd7 15.
Rae1 Qf7 16. e3 Ne4 17. Qc2 Nxc3 18. Qxc3 e5 19. dxe5 dxe5 20. Rd1 e4 21. f3 Qe6
22. fxe4 fxe4 23. Rxf8+ Rxf8 24. Rf1 Nf6 25. h3 Rd8 26. Rf2 Rd3 27. Qc1 Rxe3 28.
c5 b5 29. Nf1 Rd3 30. Qf4 e3 31. Re2 Nd5 32. Qh4 h6 33. Qh5 0-1

[Event "1st Silk Road Blitz 2016"]
[Site "Hancheng CHN"]
[Date "2016.07.21"]
[Round "5.1"]
[White "Hou, Yifan"]
[Black "Gunina, Valentina"]
[Result "1-0"]
[WhiteTitle "GM"]
[BlackTitle "GM"]
[WhiteElo "2653"]
[BlackElo "2520"]
[WhiteFideId "8602980"]
[BlackFideId "4167570"]
[EventDate "2016.07.21"]

1. b3 e5 2. Bb2 Nc6 3. e3 d6 4. c4 Nf6 5. Nc3 g6 6. Nf3 Bg7 7. d4 exd4 8. Nxd4
O-O 9. Be2 Bd7 10. O-O Re8 11. h3 a6 12. Bf3 Rb8 13. Nxc6 bxc6 14. Qd2 Qc8 15.
Rad1 h5 16. Ne2 c5 17. Nf4 Bf5 18. Bc3 Nh7 19. Bxg7 Kxg7 20. Qc3+ f6 21. h4 Qd7
22. Rd5 Re5 23. Rfd1 Rbe8 24. Qa5 Rxd5 25. Nxd5 Be4 26. Nxc7 Re5 27. Bxe4 Rxe4
28. Qxc5 Rxh4 29. Qxd6 Qg4 30. Qd7+ Kh6 31. Qxg4 Rxg4 32. f3 Rg5 33. Rd5 a5 34.
Ne6 Rxd5 35. cxd5 f5 36. d6 Nf6 37. Nc5 1-0

[Event "1st Silk Road Blitz 2016"]
[Site "Hancheng CHN"]
[Date "2016.07.21"]
[Round "5.2"]
[White "Muzychuk, Mariya"]
[Black "Koneru, Humpy"]
[Result "0-1"]
[WhiteTitle "GM"]
[BlackTitle "GM"]
[WhiteElo "2545"]
[BlackElo "2575"]
[WhiteFideId "14114550"]
[BlackFideId "5008123"]
[EventDate "2016.07.21"]

1. e4 c5 2. Nf3 e6 3. d4 cxd4 4. Nxd4 a6 5. c4 Qc7 6. Nc3 Nf6 7. a3 b6 8. Be2
Bb7 9. f3 Be7 10. Be3 O-O 11. O-O d6 12. Rc1 Nbd7 13. b4 Rfc8 14. Qe1 Qd8 15.
Qf2 Rab8 16. Rfd1 Qe8 17. Nb3 Ba8 18. Na4 b5 19. cxb5 Rxc1 20. Rxc1 axb5 21. Nc3
d5 22. Nxb5 dxe4 23. Nc7 Qd8 24. Nxa8 Rxa8 25. Na5 Ne5 26. fxe4 Nfg4 27. Bxg4
Nxg4 28. Qf3 Nxe3 29. Nc6 Qd2 30. Nxe7+ Kf8 31. Rb1 Kxe7 32. b5 Rxa3 33. b6 Rb3
34. Ra1 Ra3 35. Rb1 Rb3 36. Ra1 Rxb6 37. Ra7+ Kd6 38. e5+ Kc5 39. Rc7+ Kb5 40.
h3 Qe1+ 41. Kh2 Nf1+ 0-1

[Event "1st Silk Road Blitz 2016"]
[Site "Hancheng CHN"]
[Date "2016.07.21"]
[Round "5.3"]
[White "Stefanova, Antoaneta"]
[Black "Ushenina, Anna"]
[Result "0-1"]
[WhiteTitle "GM"]
[BlackTitle "GM"]
[WhiteElo "2512"]
[BlackElo "2458"]
[WhiteFideId "2902257"]
[BlackFideId "14110911"]
[EventDate "2016.07.21"]

1. d4 e6 2. Nf3 Nf6 3. Bg5 c5 4. e3 Be7 5. Nbd2 b6 6. Bd3 Ba6 7. Bxa6 Nxa6 8. c3
Nc7 9. Qe2 Rb8 10. e4 h6 11. Bxf6 Bxf6 12. dxc5 bxc5 13. e5 Be7 14. Ne4 Qc8 15.
O-O O-O 16. Rfd1 Nd5 17. c4 Nf4 18. Qe3 Ng6 19. Rd2 Qc6 20. b3 f5 21. exf6 Bxf6
22. Rad1 d5 23. cxd5 exd5 24. Rxd5 Bd4 25. R5xd4 cxd4 26. Nxd4 Qb6 27. h3 Rbd8
28. Rd2 Rfe8 29. Kh2 Qb7 30. f3 Qc7+ 31. Kg1 Nf4 32. Qf2 Qb6 33. Kh2 Qc7 34. Qg3
Kh7 35. h4 Nd5 36. Nf5 Qxg3+ 37. Nexg3 Nc3 38. Rc2 Nd5 39. Rc5 g6 40. Nd4 Rd7
41. Nb5 a6 42. Na3 Red8 43. Ne4 Kg7 44. Nc4 Rc7 45. Ra5 Rc6 46. Ne5 Re6 47. Nc4
Nf6 48. Nc5 Rc6 49. b4 Rb8 50. a3 Rb5 51. Ra4 Nd5 52. Ne5 Rf6 53. Ned7 Rd6 54.
Ne5 Ne3 55. Kg3 Nc2 56. Nc4 Rf6 57. Rxa6 Rxa6 58. Nxa6 Rb7 59. Nc5 Ra7 60. a4
Nxb4 61. Nb3 Nc6 62. a5 Rb7 63. Nc5 Rb5 64. Ne6+ Kf6 65. Nf4 Nxa5 66. Ne3 Nc6
67. Ned5+ Kg7 68. Ne6+ Kf7 69. Nec7 Rc5 70. f4 Ne7 71. Nxe7 Rxc7 72. Nd5 Rc5 73.
Ne3 Rc3 74. Kf3 Ra3 75. Ke4 Ra2 76. g3 Ra3 77. g4 Ra2 78. Kf3 Rb2 79. f5 Rb3 80.
Kf4 Rb4+ 81. Kf3 g5 82. hxg5 hxg5 83. Nd5 Rd4 84. Nc3 Rd3+ 85. Ke4 Rxc3 0-1

[Event "1st Silk Road Blitz 2016"]
[Site "Hancheng CHN"]
[Date "2016.07.21"]
[Round "6.1"]
[White "Gunina, Valentina"]
[Black "Ushenina, Anna"]
[Result "0-1"]
[WhiteTitle "GM"]
[BlackTitle "GM"]
[WhiteElo "2520"]
[BlackElo "2458"]
[WhiteFideId "4167570"]
[BlackFideId "14110911"]
[EventDate "2016.07.21"]

1. d4 Nf6 2. c4 e6 3. Nf3 b6 4. g3 Bb7 5. Bg2 Be7 6. O-O O-O 7. Nc3 Ne4 8. Bd2
Bf6 9. Be1 c5 10. d5 Nxc3 11. Bxc3 Bxc3 12. bxc3 d6 13. dxe6 fxe6 14. Qd3 d5 15.
Rad1 Nd7 16. Qe3 Qf6 17. h4 Rae8 18. Ng5 h6 19. Nf3 Re7 20. Rd2 Ba6 21. Nh2 Bxc4
22. f4 Kh8 23. h5 Qf7 24. g4 Qe8 25. Qh3 Nf6 26. e3 Ne4 27. Bxe4 dxe4 28. Rfd1
Bd3 29. g5 e5 30. f5 hxg5 31. Rg2 Ref7 32. Rxg5 Qd7 33. h6 gxh6 34. Ng4 Rh7 35.
Rh5 Rxf5 36. Nf6 Qg7+ 37. Ng4 0-1

[Event "1st Silk Road Blitz 2016"]
[Site "Hancheng CHN"]
[Date "2016.07.21"]
[Round "6.2"]
[White "Stefanova, Antoaneta"]
[Black "Koneru, Humpy"]
[Result "0-1"]
[WhiteTitle "GM"]
[BlackTitle "GM"]
[WhiteElo "2512"]
[BlackElo "2575"]
[WhiteFideId "2902257"]
[BlackFideId "5008123"]
[EventDate "2016.07.21"]

1. d4 d5 2. Bf4 Nf6 3. e3 e6 4. Nd2 Bd6 5. Bg3 b6 6. Ngf3 Bxg3 7. hxg3 Nbd7 8.
Ne5 Nxe5 9. dxe5 Nd7 10. Qg4 g6 11. Bb5 Bb7 12. Bxd7+ Qxd7 13. Rh6 O-O-O 14.
O-O-O d4 15. Nb3 Qa4 16. a3 c5 17. exd4 c4 18. Nd2 c3 19. Nb1 cxb2+ 20. Kxb2 Kb8
21. Qf4 Qb5+ 22. Kc1 Rd7 23. Rd3 Rc8 24. Rc3 Rdc7 25. Rxc7 Rxc7 26. Rxh7 Qf1+
27. Kb2 Qb5+ 28. Kc1 Bd5 29. Rh8+ Kb7 30. Qe3 Qc4 31. c3 Qf1+ 32. Kb2 Qb5+ 33.
Kc1 Ba2 34. Nd2 Qa4 35. Kb2 Bd5 36. Qd3 Qc6 37. f3 a5 38. Ne4 Bxe4 39. fxe4 b5
40. d5 Qc5 41. d6 Rd7 42. Rf8 Qxe5 43. Qd4 Qxd4 44. cxd4 Rxd6 45. Rxf7+ Kc6 46.
Kc3 b4+ 47. axb4 axb4+ 48. Kd3 b3 49. Rf2 Kb5 50. Kc3 Ka4 51. Rd2 Ka3 52. Rd1
Rc6+ 53. Kd3 b2 54. Kd2 Ka2 55. d5 exd5 56. exd5 Rd6 57. Kc2 Rxd5 58. Rf1 Rc5+ 0-1

[Event "1st Silk Road Blitz 2016"]
[Site "Hancheng CHN"]
[Date "2016.07.21"]
[Round "6.3"]
[White "Muzychuk, Mariya"]
[Black "Hou, Yifan"]
[Result "0-1"]
[WhiteTitle "GM"]
[BlackTitle "GM"]
[WhiteElo "2545"]
[BlackElo "2653"]
[WhiteFideId "14114550"]
[BlackFideId "8602980"]
[EventDate "2016.07.21"]

1. e4 c5 2. Nf3 a6 3. c4 e6 4. d4 cxd4 5. Nxd4 Nf6 6. Nc3 Qc7 7. a3 b6 8. Be2
Bb7 9. f3 d6 10. O-O Be7 11. Be3 O-O 12. Rc1 Nbd7 13. b4 Rac8 14. Qd2 Qb8 15.
Rfd1 Rfe8 16. Nb3 h6 17. Bf1 Ba8 18. Qf2 Kh8 19. g4 Ne5 20. Nd2 Bd8 21. h3 Bb7
22. f4 Ng6 23. Bg2 Bc6 24. Bf3 b5 25. h4 e5 26. f5 Nf4 27. Bxf4 exf4 28. g5 Nh7
29. gxh6 gxh6 30. Kh2 Bf6 31. Rg1 Qb7 32. Nb3 Qe7 33. Nd4 Ba8 34. cxb5 Qa7 35.
Nce2 Rxc1 36. Rxc1 axb5 37. Bh5 Bxe4 38. Rf1 Bd3 39. Ne6 Qxf2+ 40. Rxf2 Bxf5 41.
N6xf4 Bxh4 42. Rf3 Re7 43. Nd4 Be4 44. Rc3 Bf6 45. Rc8+ Kg7 46. Nd5 Be5+ 47. Kh3
Bxd5 48. Nf5+ Kf6 49. Nxe7 Kxe7 50. Rc7+ Kf6 51. Ra7 Ng5+ 52. Kg4 Be6+ 53. Kh4
Bd4 54. Bg4 Bxa7 0-1

[Event "1st Silk Road Blitz 2016"]
[Site "Hancheng CHN"]
[Date "2016.07.21"]
[Round "7.1"]
[White "Muzychuk, Mariya"]
[Black "Gunina, Valentina"]
[Result "0-1"]
[WhiteTitle "GM"]
[BlackTitle "GM"]
[WhiteElo "2545"]
[BlackElo "2520"]
[WhiteFideId "14114550"]
[BlackFideId "4167570"]
[EventDate "2016.07.21"]

1. e4 c6 2. Nc3 d5 3. Nf3 Bg4 4. h3 Bxf3 5. Qxf3 e6 6. d4 Nf6 7. Bd3 Qb6 8. O-O
Be7 9. e5 Nfd7 10. Qg4 g6 11. a4 h5 12. Qf4 a6 13. a5 Qc7 14. Bd2 c5 15. Na4
cxd4 16. Qxd4 Nc6 17. Qf4 Qxe5 18. Qxe5 Ndxe5 19. Nb6 Rd8 20. Rfe1 Nxd3 21. cxd3
Bf6 22. Bc3 d4 23. Bd2 O-O 24. Rac1 Be7 25. Rc4 Rfe8 26. f4 Bd6 27. b4 Bc7 28.
Na4 Rd5 29. Nc5 b5 30. axb6 Bxb6 31. Nxa6 Ne7 32. Nc7 Bxc7 33. Rxc7 Rb5 34. Rec1
Nd5 35. R7c4 Reb8 36. Rb1 Nc3 37. Bxc3 dxc3 38. Kf2 c2 39. Rxc2 Rxb4 40. Rxb4
Rxb4 41. Ke3 h4 42. Kf3 Kg7 43. Rc4 Rb3 44. Kg4 Rb2 45. Kf3 Rd2 46. Rd4 Kf8 47.
Rd8+ Ke7 48. Rh8 Rxd3+ 49. Kf2 Rd4 50. Ke3 e5 51. Rxh4 g5 52. Rh5 gxf4+ 53. Kf3
Ke6 54. h4 Rd3+ 55. Kf2 e4 56. Rh8 Kf5 57. h5 Rd2+ 58. Kf1 Kg4 59. h6 f3 60.
gxf3+ Kxf3 61. Ke1 Rh2 62. Rf8 Rh1+ 63. Kd2 e3+ 64. Kd3 Rd1+ 65. Kc2 e2 66.
Rxf7+ Kg4 67. Rg7+ Kf5 68. Rf7+ Ke5 0-1

[Event "1st Silk Road Blitz 2016"]
[Site "Hancheng CHN"]
[Date "2016.07.21"]
[Round "7.2"]
[White "Hou, Yifan"]
[Black "Stefanova, Antoaneta"]
[Result "1-0"]
[WhiteTitle "GM"]
[BlackTitle "GM"]
[WhiteElo "2653"]
[BlackElo "2512"]
[WhiteFideId "8602980"]
[BlackFideId "2902257"]
[EventDate "2016.07.21"]

1. b3 Nf6 2. Bb2 g6 3. c4 c5 4. Nf3 Bg7 5. g3 b6 6. Bg2 Bb7 7. O-O O-O 8. Nc3 d6
9. e3 Ne4 10. d4 Nd7 11. Qc2 f5 12. Rad1 Rb8 13. d5 Ndf6 14. Nxe4 Nxe4 15. Bxg7
Kxg7 16. Ne1 Nf6 17. Nd3 g5 18. f4 g4 19. Nf2 Qe8 20. Qxf5 Bc8 21. Qc2 b5 22. e4
bxc4 23. bxc4 Rb4 24. Nd3 Rb6 25. Rb1 Qg6 26. Rxb6 axb6 27. Re1 h5 28. e5 dxe5
29. fxe5 Nh7 30. Qe2 Bf5 31. Nf4 Qh6 32. Rf1 Ng5 33. e6 h4 34. d6 hxg3 35. hxg3 1-0

[Event "1st Silk Road Blitz 2016"]
[Site "Hancheng CHN"]
[Date "2016.07.21"]
[Round "7.3"]
[White "Koneru, Humpy"]
[Black "Ushenina, Anna"]
[Result "1/2-1/2"]
[WhiteTitle "GM"]
[BlackTitle "GM"]
[WhiteElo "2575"]
[BlackElo "2458"]
[WhiteFideId "5008123"]
[BlackFideId "14110911"]
[EventDate "2016.07.21"]

1. d4 Nf6 2. Nf3 e6 3. c4 b6 4. e3 Bb7 5. Bd3 d5 6. O-O Bd6 7. b3 O-O 8. Bb2
Nbd7 9. Nbd2 c5 10. Qe2 Ne4 11. cxd5 exd5 12. Ba6 Bxa6 13. Qxa6 Ndf6 14. h3 Re8
15. Rad1 Qe7 16. dxc5 Bxc5 17. Nxe4 dxe4 18. Nd4 Qe5 19. Rd2 Bd6 20. Nf3 Qe7 21.
Nd4 Qe5 22. Nf3 Qe7 23. Nd4 Qe5 24. Nf3 1/2-1/2